000 00518nam a2200181Ia 4500
005 20260226115526.0
008 008 250917s9999 xx 000 0 eng d
037 _cDSWL
040 _aDSWL
_beng
_cDSWL
041 _aeng
_2eng
084 _qDSWL
100 _aKumar, Harish
_91116718
245 0 _aScheduled caste mobilzation on homestead land entitlements
260 _aDelhi,
_bDepartment of Social Work,
_c2014
300 _a208p.
942 _cTH
_2CC
999 _c1463891
_d1463891